000 00905nam a2200229 a 4500
008 110907s2003 ||||||||||||||||| || u
020 _a0071395938
050 _aRC 71 Cur
100 _aPapadakis, Maxine A
245 1 0 _aCurrent medical diagnosis & treatment.-- 42nd ed.
_cedited by Lawrence M. Tierney, Stephen J. McPhee, Maxine A. Papadakis
246 _aCurrent medical diagnosis and treatment
250 _a42nd ed.
260 _aNew York
_bLange Medical Books/ McGraw-Hill
_c2003
300 _axx, 1860p.: ill.
350 _a0.00
650 _aTHERAPEUTICS--PERIODICALS
650 _aDIAGNOSIS--PERIODICALS
650 _aDIAGNOSIS
700 _aMcPhee, Stephen J
700 _aTierney, Lawrence M
995 _aMEDICAL LIBRARY OPEN ACCESS
_D0.00
_e900412
_FCBU-SCHOOL OF MEDICINE LIBRARY (Ndola)
_H1
_I0.00
_jRC 71 CUR
_M1
_UAVAILABLE
_WNov 28, 2011
_y900412
_ZMedical Library Open Access Collection
999 _c31197
_d31197